00830nam a2200217 i 4500001000600000003000900006005001700015008004100032020001500073040003900088041000800127082002100135100001700156245008900173250002300262264004900285300005300334505016900387650002400556700003200580BINCOCO-MdBIC20200316141138.0200316t1990 us a||a| |||| 00| 0deng d a0448405208 aCO-MdBICbspa.cCO-MdBICdCO-MdBIC aeng 222a813C bP66le aWatty, Piper 1aThe Little Engine That Couldc/ Watty ; Weekly Reader Book ; George and Doris Hauman aWeekly Reader Book 1aUnited States :bWeekly Reader Book,c©1990 a[21 páginas] :bIlustraciones a color :c18 cm00aMenciona partes del cuerpo, colores, objetos y adjetivos en ingles. Cuenta la historia de viaje en tren y como enfrentan las dificultades y finalmente la resuelve.  vliteratura infantil aWatty Piperd1990eEscritor